| 000 | 00764cam a22002654a 4500 | ||
|---|---|---|---|
| 001 | 205209 | ||
| 003 | 0 | ||
| 005 | 20170426155046.0 | ||
| 008 | 990624s2000 inua b 001 0 eng | ||
| 010 | _a 99064956 | ||
| 020 | _a0735708967 | ||
| 020 | _a9780735708969 | ||
| 040 | _cSPU | ||
| 042 | _apcc | ||
| 050 | 0 | 0 |
_aTR897.7 _b.C87 2000 |
| 100 | 1 | _aCurtis, Hillman. | |
| 245 | 1 | 0 |
_aFlash Web Design : _bthe art of motion graphics / _cby Hillman Curtis. |
| 260 |
_aIndianapolis, Ind. : _bNew Riders, _cc2000. |
||
| 300 |
_a1 v. (unpaged) : _bill. (some col.) ; _c26 cm. |
||
| 504 | _aIncludes bibliographical references and index. | ||
| 630 | 0 | 0 | _aFlash (Computer file) |
| 650 | 0 | _aComputer animation. | |
| 650 | 0 |
_aWeb sites _xDesign. |
|
| 942 |
_2lcc _cBK |
||
| 999 |
_c50141 _d50141 |
||